| 000 | 00856cam a22002291 4500 | ||
|---|---|---|---|
| 001 | af 48003042 | ||
| 003 | DLC | ||
| 005 | 20260227110859.0 | ||
| 008 | 900131s1945 fr 000 0 fre c | ||
| 010 | _aaf 48003042 | ||
| 035 | _a(OCoLC)20982218 | ||
| 040 |
_aCalifornia. Univ. Libr. _cCU _dCU _dDLC |
||
| 050 | 0 | 0 |
_aD802.F8 _bF37 1945 |
| 245 | 0 | 0 |
_aFemmes d'absents ... _bTémoignages recueillis par les associations de femmes de prisonniers et le Mouvement populaire des familles. |
| 260 |
_a[Paris] _bÉditions ouvrières _c[1945] |
||
| 300 |
_ax, 128 p. _c17 cm. |
||
| 500 | _a"Rédigé par quelques prisonniers rapatriés."--p. [1] | ||
| 500 | _a"Avant-propos" signed: Albert Robic, libéré du Stalag XII A. | ||
| 651 | 0 |
_aFrance _xHistory _yGerman occupation, 1940-1945. |
|
| 650 | 0 |
_aWomen _zFrance. |
|
| 650 | 0 |
_aWomen _xSocial and moral questions. |
|
| 999 |
_c5368 _d5368 |
||